A history of the theories of aether and electricity
Guardat en:
| Autor principal: | |
|---|---|
| Format: | Llibre |
| Idioma: | anglès |
| Publicat: |
Nueva York
Harper and Brothers
1960
|
| Col·lecció: | Harper Torchbooks Science Library, 531
|
| Matèries: | |
| Etiquetes: |
Afegir etiqueta
Sense etiquetes, Sigues el primer a etiquetar aquest registre!
|
MARC
| LEADER | 00000nam a2200000 a 4500 | ||
|---|---|---|---|
| 001 | UCH3097 | ||
| 003 | CL-VaPUC | ||
| 008 | 090715e19600000US |||||||||||||||||eng|d | ||
| 082 | 0 | 4 | |a 537 |b WHI |2 21 |
| 100 | 0 | |a Whittaker, Edmund Taylor |e author |9 538254 | |
| 245 | 1 | 2 | |a A history of the theories of aether and electricity |
| 300 | |a 434 p | ||
| 942 | |c BK | ||
| 945 | |d 20090715 00:00:00 |a rbrito | ||
| 260 | |a Nueva York |b Harper and Brothers |c 1960 | ||
| 650 | 0 | |a Electricidad |9 260222 | |
| 650 | 0 | |a Electromagnetismo |9 260123 | |
| 650 | 0 | |a Radiación |9 259874 | |
| 583 | |a last modification |c 20090715 00:00:00 |k Rodrigo Vera | ||
| 490 | 0 | |a Harper Torchbooks Science Library, 531 | |
| 999 | |c 334735 |d 334733 | ||
| 952 | |0 0 |1 0 |4 0 |6 537_000000000000000_WHI_1960 |7 0 |8 A |9 423881 |a BIBCUR |b BIBCUR |d 2019-11-22 |i 4528980 |l 2 |o 537 WHI 1960 |p 4528980 |r 2025-04-22 |s 2024-11-08 |w 2019-11-22 |y BK |k FIS | ||